| 000 | 00328nam a22001337a 4500 | ||
|---|---|---|---|
| 020 | _qPB. | ||
| 040 | _cFIZZA ISHAQ | ||
| 082 |
_a973.736 _bSTE |
||
| 100 |
_aSEARS,W.STEPHEN. _9131963 |
||
| 245 |
_aLANDSCAPE TURNED RED / _cSTEPHEN W.SEARS. |
||
| 260 |
_aNEW YORK; _bLOS ANGELES, _c1983. |
||
| 300 | _a484 P. ; | ||
| 942 |
_2ddc _cBK |
||
| 999 |
_c615376 _d615376 |
||